| 000 -LEADER |
| fixed length control field |
00565cam a2200205 4500 |
| 001 - CONTROL NUMBER |
| control field |
3592915 |
| 005 - DATE AND TIME OF LATEST TRANSACTION |
| control field |
20180220035935.0 |
| 008 - FIXED-LENGTH DATA ELEMENTS--GENERAL INFORMATION |
| fixed length control field |
680301s1968 pauac b 000 0 eng |
| 010 ## - LIBRARY OF CONGRESS CONTROL NUMBER |
| LC control number |
68010410 |
| 040 ## - CATALOGING SOURCE |
| Original cataloging agency |
DLC |
| Transcribing agency |
DLC |
| Modifying agency |
DLC |
| 041 ## - LANGUAGE CODE |
| Language code of text/sound track or separate title |
eng |
| 080 ## - UNIVERSAL DECIMAL CLASSIFICATION NUMBER |
| Universal Decimal Classification number |
616.4 |
| 082 00 - DEWEY DECIMAL CLASSIFICATION NUMBER |
| Classification number |
616.4 WIL |
| 100 ## - Rafti |
| Rafti |
4 |
| 101 ## - Shkurtesa |
| Shkurtesa |
SHM |
| 245 10 - TITLE STATEMENT |
| Title |
Textbook of endocrinology, |
| Statement of responsibility, etc |
edited by Robert H. Williams. With contributions by twenty-four authorities. |
| 504 ## - BIBLIOGRAPHY, ETC. NOTE |
| Bibliography, etc |
Includes bibliographies. |
| 906 ## - LOCAL DATA ELEMENT F, LDF (RLIN) |
| a |
7 |
| b |
cbc |
| c |
orignew |
| d |
u |
| e |
ncip |
| f |
19 |
| g |
y-gencatlg |
| 942 ## - ADDED ENTRY ELEMENTS (KOHA) |
| Source of classification or shelving scheme |
|
| Item type |
Books |